00489nam a22001337a 4500008004100000082001500041100004300056245006900099260005800168300000800226942001200234999001500246952009400261230621b xxu||||| |||| 00| 0 eng d a328.4bCPA cCommonwealth Parliamentary Association aSummary of proceedings at the Forty-second Parliamentary seminar aEnglandbCommonwealth Parliamentary Associationc1993 a31p 2ddccBK c2146d2146 00102ddc4070a002b002d2023-06-21l0o328.4 CPAp10010005r2023-06-21w2023-06-21yBK